Program CSI,uses turbo pascal / (Record no. 176190)
[ view plain ]
| 000 -LEADER | |
|---|---|
| fixed length control field | 00984 a2200181 4500 |
| 003 - CONTROL NUMBER IDENTIFIER | |
| control field | Nust |
| 005 - DATE AND TIME OF LATEST TRANSACTION | |
| control field | 20220811144232.0 |
| 020 ## - INTERNATIONAL STANDARD BOOK NUMBER | |
| International Standard Book Number | 551641003 |
| 040 ## - CATALOGING SOURCE | |
| Transcribing agency | Nust |
| 082 ## - DEWEY DECIMAL CLASSIFICATION NUMBER | |
| Classification number | 005.133,BER |
| 100 ## - MAIN ENTRY--PERSONAL NAME | |
| Personal name | Berlinger, Eli |
| 9 (RLIN) | 96889 |
| 245 ## - TITLE STATEMENT | |
| Title | Program CSI,uses turbo pascal / |
| Statement of responsibility, etc. | Eli Berlinger and Gene Zirkel |
| 260 ## - PUBLICATION, DISTRIBUTION, ETC. | |
| Place of publication, distribution, etc. | New Delhi |
| Name of publisher, distributor, etc. | Galgotia Pub |
| Date of publication, distribution, etc. | 1991 |
| 300 ## - PHYSICAL DESCRIPTION | |
| Extent | ix,490.: |
| 505 ## - FORMATTED CONTENTS NOTE | |
| Formatted contents note | Computers (Page-1), The Turbo Pascal System Version 4* (Page-8), Programming Concepts Procedures and Parameters (Page-25),Pascal Statements (Page-57), Conditional Statements (Page-91), Loops and Text Files (Page-123),Debugging (Page-173), User-Defining and One -Dimensional Arrays (Page-189), Mufti-Dimensional Arrays (Page-227), Functions (Page-269), Records (Page-309), Sets (Page-335),String Processing (Page-351),Miscellaneous Topics (Page-373),The Turbo Pascal System Version 5 (Page-419), Debugging with Turbo 5 (Page-435). |
| 650 ## - SUBJECT ADDED ENTRY--TOPICAL TERM | |
| Topical term or geographic name entry element | Using turbo |
| 9 (RLIN) | 96890 |
| 942 ## - ADDED ENTRY ELEMENTS (KOHA) | |
| Koha item type | Book |
| Source of classification or shelving scheme | |
| Call number prefix | 005.133,BER |
| Withdrawn status | Lost status | Source of classification or shelving scheme | Damaged status | Not for loan | Permanent Location | Current Location | Shelving location | Date acquired | Full call number | Barcode | Date last seen | Price effective from | Koha item type | Public note |
|---|---|---|---|---|---|---|---|---|---|---|---|---|---|---|
| Military College of Signals (MCS) | Military College of Signals (MCS) | General Stacks | 12/12/2016 | 005.133,BER | MCS525 | 12/08/2016 | 12/12/2016 | Book | Almirah No.4, Shelf No.2 |
